| 000 | 02041nam a2200517 i 4500 | ||
|---|---|---|---|
| 001 | DIGAKAL0472 | ||
| 003 | NyNyDIG | ||
| 008 | 200526s2018 sp ob 000 0bspa d | ||
| 006 | m o d | ||
| 007 | cr ||||||||||| | ||
| 035 | _a(OCoLC)1048923384 | ||
| 040 |
_aDGITA _beng _erda _epn _cDGITA |
||
| 020 |
_a9788446046141 _qeBook |
||
| 020 |
_a8446046148 _qeBook |
||
| 020 | _z9788446046134 | ||
| 020 | _z844604613X | ||
| 041 | 1 |
_aspa _heng |
|
| 050 | 1 | 4 | _aHX289.7.G73 ebook |
| 082 | 0 | 4 | _a335.43092 |
| 100 | 1 |
_aAnderson, Perry, _eauthor. |
|
| 240 | 1 | 0 |
_aAntinomies of Antonio Gramsci. _lSpanish _s(Bassols and Fraguas) |
| 245 | 1 | 4 |
_aLas antinomias de Antonio Gramsci / _cPerry Anderson ; traducción, Lourdes Bassols y J.R. Fraguas ; traducción del nuevo prefacio y del "Informe de Athos Lisa," Lourdes Bassols. |
| 264 | 1 |
_aTres Cantos, Madrid, España : _bAkal, _c[2018] |
|
| 300 | _a1 online resource. | ||
| 336 |
_atext _btxt _2rdacontent |
||
| 337 |
_acomputer _bc _2rdamedia |
||
| 338 |
_aonline resource _bcr _2rdacarrier |
||
| 347 |
_atext file _2rdaft |
||
| 347 | _bEPUB | ||
| 504 | _aIncludes bibliographical references. | ||
| 588 | 0 | _aOnline resource; title from ePub title page (Digitalia, viewed June 5, 2019) | |
| 600 | 1 | 0 |
_aGramsci, Antonio, _d1891-1937. |
| 650 | 0 | _aCommunism. | |
| 650 | 0 | _aSocialism. | |
| 650 | 0 |
_aPolitical science _xPhilosophy _xHistory _y20th century. |
|
| 655 | 0 | _aElectronic books. | |
| 700 | 1 |
_aBassols, Lourdes, _etranslator. |
|
| 700 | 1 |
_aFraguas, J. R., _etranslator. |
|
| 700 | 1 |
_iTranslation of: _aAnderson, Perry. _tAntinomies of Antonio Gramsci. |
|
| 791 | 2 |
_aDigitalia (Firm), _edistributor. |
|
| 793 | 0 |
_gDigitalia eBook Collection: _aAkal |
|
| 776 | 0 | 8 |
_iPrint version: _aAnderson, Perry. _sAntinomies of Antonio Gramsci. Spanish (Bassols and Fraguas). _tAntinomias de Antonio Gramsci. _dMadrid : Akal, [2018] _z9788446046134 |
| 856 | 4 | 0 |
_3Digitalia Hispánica _uhttps://www.digitaliapublishing.com/a/55189/ |
| 910 | _aPremium collection: 2020 | ||
| 942 | _cRAA | ||
| 999 |
_c254176 _d254176 |
||